Kashiwa Kinen Winning Horse - Statistics

General Stats
  • This quiz has been taken 3 times
  • The average score is 14 of 30
Answer Stats
Answer % Correct
Copano Rickey コパノリッキー
100%
Hokko Tarumae ホッコータルマエ
100%
Abukuma Poro アブクマポーロ
67%
Bonneville Record ボンネビルレコード
67%
Furioso フリソーツ
67%
Gold Dream ゴールドドリーム
67%
Ishino Lucky イシノラツキー
67%
Shonan Nadeshiko ショウナンナデシコ
67%
Toshin Blizzard トーシンブリザード
67%
Wonder Acute ワンダーアキュート
67%
Adjudi Mitsuo アジュディミツオー
33%
Battle Line バトルライン
33%
Be My Nakayama ビーマイナカヤマ
33%
Blue Concorde ブルーコンコルド
33%
Casino Fountain カジノフォンテン
33%
Espoir City エスポワールシチー
33%
Fujino Dancer フジノダンサー
33%
Hikari Rufas ヒカリルーファス
33%
Meisho Hario メイショウハリオ
33%
Nike a Delight ナイキアディライト
33%
Power Dictor パワーデイクター
33%
Starring Rose ターリングローズ
33%
Strong Blood ストロングブラット
33%
Super Joke スーパージョーク
33%
Surprise Power サプライズパワー
33%
Tamamo Strong タマモストロング
33%
Tokino Kunsho トキノクンショウ
33%
Wide Pharaoh ワイドファラオ
33%
Yamajun O ヤマジュンオー
33%
Yamano Seiko ヤマノセイコー
33%
No matching quizzes found
Score Distribution
Percent of People with Each Score
Percentile by Number Answered
Your Score History
You have not taken this quiz